000
00321nam a2200133Ia 4500
008
230917s9999||||xx |||||||||||||| ||und||
040
_e
93652
_a
MAIN
041
_a
English
082
_a
677 M278T
100
_a
Maheshwari, Sudesh
245
0
_a
Technical evaluation of airjet-spun yarns
300
_a
106 p.
942
_c
TH
999
_c
72819
_d
72819